| Tag |
First Indicator |
Second Indicator |
Subfields |
| LEADER |
00000cam a2200000 4500 |
| 001 |
in00000060161 |
| 005 |
20151008051606.0 |
| 008 |
720229s1964 nju b 00000 eng u |
| 010 |
|
|
|a 64013088
|
| 035 |
|
|
|a (OCoLC)00252866
|
| 035 |
|
|
|9 AAG8854AM
|
| 040 |
|
|
|c WSU
|d TXA
|d UtOrBLW
|
| 049 |
|
|
|a TXAM
|c [412675]
|
| 050 |
|
0 |
|a HJ257
|b .E25
|
| 092 |
|
|
|a 336.73
|b E19p
|
| 100 |
1 |
|
|a Eckstein, Otto.
|
| 245 |
1 |
0 |
|a Public finance.
|
| 264 |
|
1 |
|a Englewood Cliffs, N.J. :
|b Prentice-Hall,
|c [1964]
|
| 300 |
|
|
|a 120 pages
|
| 336 |
|
|
|a text
|b txt
|2 rdacontent
|
| 337 |
|
|
|a unmediated
|b n
|2 rdamedia
|
| 338 |
|
|
|a volume
|b nc
|2 rdacarrier
|
| 490 |
1 |
|
|a Foundations of modern economics series
|
| 504 |
|
|
|a Bibliography: page 116.
|
| 650 |
|
0 |
|a Finance, Public
|z United States.
|
| 830 |
|
0 |
|a Foundations of modern economics series.
|
| 999 |
|
|
|a MARS
|
| 999 |
f |
f |
|s 9ad2f21a-9064-3b14-b763-366b49760955
|i b01f1b59-e96d-37f8-8d24-6053b55e46aa
|t 0
|
| 952 |
f |
f |
|p ric
|a Texas A&M University
|b Rellis Campus
|c Joint Library Facility
|d Remote Storage
|t 0
|e HJ257 .E25
|h Library of Congress classification
|i unmediated -- volume
|m A14800751959
|
| 998 |
f |
f |
|a HJ257 .E25
|t 0
|l Remote Storage
|